00598 2200205 4500001002100000008004100021035002000062245009000082100001900172260004000191300003000231020002200261084001400283520002500297520001400322082000800336650002600344990001100370990001100381INLIS000000000015425 ind  a0010-1222000504 adr. Soetomo : Dokter Penggerak Kebangkitan NasionalcRohmat Kurnia; editor, Fina Insi aROHMAT, Kurnia aJakarta :bBee Media Pustaka,c2022 avi, 62 hal.: ilus.c21 cm a978-602-9473-53-7 a920 ROH d aBibliografi : hal.62 aGlosarium a920 aBIOGRAFI. DR. SOETOMO a9783 a a9783 b